Návrh miešaného bioreaktora na výrobu kyseliny octovej

Saved in:
Bibliographic Details
Main Author: Toková, Adriana (Author)
Other Authors: Ačai, Pavel (Thesis advisor)
Format: Manuscript Book
Language:Slovak
Published: 2015
Subjects:
Online Access:http://is.stuba.sk/zp/portal_zp.pl?podrobnosti=93476
Tags: Add Tag
No Tags, Be the first to tag this record!

MARC

LEADER 00000ntm a22000003a 4500
001 stuzp53034
003 SK-STU
005 20160719154345.7
007 ta
008 150427s2015----xo-----f-mn---000-0-slo-d
040 |a STU  |b slo 
041 0 |a slo 
100 1 |a Toková, Adriana  |u 046230  |4 aut  |U FCHPT Ústav chemického a environmentálneho inžinierstva  |T FCHPT Oddelenie chemického a biochemického inžinierstva  |X 43144  |U C6230  |Y 119  |7 43144 
242 0 1 |a Design of Stirred Tank Bioreactor for Acetic Acid Production  |y eng 
245 1 0 |a Návrh miešaného bioreaktora na výrobu kyseliny octovej 
260 |c 2015 
650 4 |a Kyselina octová  |2 slo 
650 4 |a Vsádzkový miešaný bioreaktor  |2 slo 
650 4 |a Kultivačný proces  |2 slo 
650 4 |a Batch stirred tank bioreactor  |2 eng 
650 4 |a Acetic acid  |2 eng 
650 4 |a Cultivation process  |2 eng 
700 1 |a Ačai, Pavel  |4 ths  |X 4436  |7 A000004436 
856 4 |u http://is.stuba.sk/zp/portal_zp.pl?podrobnosti=93476 
SQL |a stuzp53034  |b DBP  |c SLO  |d Návrh miešaného bioreaktora na výrobu kyseliny octovej  |e 43144  |f Toková, Adriana  |g 046230  |h 4436  |i Ačai, Pavel  |j 20150714  |k 106  |l 04  |m http://is.stuba.sk/zp/portal_zp.pl?podrobnosti=93476  |n B-CHI  |o 5.2.17. chemické inžinierstvo